01246nam a22002295i 4500001000700000003000900007005001700016008004100033040002000074100003200094245036700126260005200493300008000545597004300625599003400668600004700702700002800749700004200777852005200819999001900871952012600890156391ES-MaACL20230906210410.0951211s1794 sp |||| | spa d aEUS bspa cEUS1 aJoinville, Jean de.912833110aCrónica de San Luis, Rey de Francia, nieto del Rey D. Alfonso el VIII de Castilla / ccompuesta en francés por el señor de Joinville ; traducida al castellano ... por Jacques Ledel ... ; impresa en Toledo por Francisco de Guzmán en el año de 1567 y ahora nuevamente publicada con un discurso preliminar y varias notas ... por Josef Cornide de Saavedra. aEn Madrid : ben la imprenta de Sancha, c1794. a[2], LXIV, 423 p., [1] h. de grab., [1] h. de map. pleg. : bgrab. ; c4º. 1aSign.: a-h4, i2, A-Z4, 2A-2Z4, 3A-3G4. 1aGrab. calc.: "J. Ximeno f.ts"14aLuis bIX cRey de Francia, Santo.91566971 aLedel, Jacques.91288291 aCornide, José (d1734-1803)9126585 aES-MaACLjR-835 z-- Enc. hol. xOlim: G-733 c156391d156391 001040708LIBXVIIIaATENEOMbATENEOMcDEPOd2008-01-17eSSCl0oR-835p1163619r2023-02-23 00:00:00w2023-02-23yMONANT